000 00501nam a2200181Ia 4500
001 24464
005 20260414151045.0
008 260414t2021||||xx |||||||||||||| ||spa||
041 _aESP
082 _a345.7
_bS92
100 _aSumaria Benavente, Omar
_eAUT
245 0 _aEl nuevo principio de oralidad en el proceso civil :
_bperspectivas teóricas y desafíos prácticos
260 _c2021
300 _a413 páginas :
_c25 cm.
650 _aDER
654 _aCDE
942 _cLIB
_dJUS
_fJUS
_2ddc
_n
999 _c24464
_d24464